| 000 | 00736cab a2200253 4500 | ||
|---|---|---|---|
| 001 | WB3341-47 | ||
| 008 | 090401t1997 xxu||||| |||| 00| 0 eng d | ||
| 035 | _a(Sirsi) u81636 | ||
| 041 | _aeng | ||
| 245 | _aLondon faces new flood fight | ||
| 260 | _c1997 | ||
| 350 | _a0 | ||
| 490 |
_aContract Journal _v391(6148) 22 October 1997, 1(1) |
||
| 520 | _aThe Environment Agency is considering various measures to protect the Capital against rising water levels in the next century. | ||
| 650 | _aENVIRONMENT AGENCY | ||
| 650 | _aFLOODING | ||
| 650 | _aGLOBAL WARMING | ||
| 650 | _aLONDON | ||
| 650 | _aRELOCATION | ||
| 650 | _aRISING SEA LEVELS | ||
| 690 | _aPLANNING LAW AND PRACTICE | ||
| 942 | _n0 | ||
| 948 | _c22/10/1997 | ||
| 999 |
_c51452 _d51452 |
||